South Eastern Kenya University

Library Online Public Access Catalogue


Intervention in child language disorders/ (Record no. 9684)

MARC details
000 -LEADER
fixed length control field 00321nam a22001217a 4500
020 ## - ISBN
International Standard Book Number 9780763779436
050 ## - LIBRARY OF CONGRESS CALL NUMBER
Classification Number RJ 496
Item Number .L35I6
100 ## - MAIN ENTRY--Author
Personal name Hoodin, B. Ronald
245 ## - TITLE
Title Intervention in child language disorders/
Statement of responsibility, etc Ronald B. Hoodin
260 ## - PUBLICATION, DISTRIBUTION, ETC.(IMPRINT)
Place of publication, distribution, etc USA:
Name of publisher, distributor, etc Jones and Bartlet,
Date of publication, distribution, etc 2011.
300 ## - PHYSICAL DESCRIPTION
Extent 255p. :
942 ## - ADDED ENTRY ELEMENTS(KOHA)
Source of classification or shelving scheme Library of Congress Classification
Koha item type General circulation
Holdings
Source of classification or shelving scheme Not for loan Location (home branch) Sublocation (holding branch) Shelving location Date accessioned Full call number Barcode Koha item type
Library of Congress Classification   Main Campus Library Main Campus Library   06/11/2015 RJ 496 .L35 I6 2015/009719 General circulation
Kitui, Kenya.
+254736116989
library@seku.ac.ke